000 00290nam a22001337a 4500
003 SGT
082 _a370
_bV14R
100 _aRUHELA, S.P.
245 _aVALUES IN MODERN INDIAN EDUCATION
260 _aNEW DELHI
_bINDIAN PUB
_c2014
300 _a204
650 _aEDUCATION
942 _2ddc
_cBK
999 _c12121
_d12121